| 000 | 00757nam a22002057a 4500 | ||
|---|---|---|---|
| 003 | NUST-PNEC | ||
| 005 | 20170116180743.0 | ||
| 008 | 150106b xxu||||| |||| 00| 0 eng d | ||
| 020 | _a8120701143 | ||
| 040 | _cPNEC | ||
| 082 | _a023.5 TRE | ||
| 100 |
_91180 _aTrehan G L |
||
| 245 |
_aCollege library management : academic library system, services, and use _cG L Trehan; Promila Chopra |
||
| 260 |
_aNew Delhi : _bSterling Publishers, _c©1985. |
||
| 300 |
_axii, 414 pages ; _c23 cm |
||
| 500 | _aincludes index. | ||
| 650 | _xGeneral | ||
| 856 | _uhttp://www.amazon.com/College-Library-Management-Academic-Services/dp/8120701143/ref=sr_1_1?s=books&ie=UTF8&qid=1420532079&sr=1-1&keywords=college+library+management+by+GL+Trehan | ||
| 942 |
_2ddc _cBK |
||
| 999 |
_c62257 _d62257 |
||